000 00915cam a2200253 4500
001 ABS63602
008 000000n2001 000 0 eng u
035 _a(Sirsi) u111086
100 _aHarris, R.
245 _aFrom fiefdom to service: the evolution of flexible occupation
260 _c2001
490 _aJournal of Corporate Real Estate
_v3(1) 2001, 7-16(9)
520 _aExamines movement within the property supply industry. Gives an historical overview of service provision, and traces the development of service provision to suit the increasingly flexible needs of office occupiers. References.
590 _aABS
650 _aSERVICED OFFICES
650 _aOUTSOURCING
650 _aSUPPLY CHAIN
650 _aCORPORATE PFI
650 _aFLEXIBILITY
650 _aOCCUPIERS REQUIREMENTS
650 _aOFFICE OCCUPIERS
690 _aPROPERTY MANAGEMENT-CORPORATE REAL ESTATE
942 _n0
999 _c66181
_d66181